| 000 | 00610nam a22001817a 4500 | ||
|---|---|---|---|
| 999 |
_c180118 _d180118 |
||
| 005 | 20210726124302.0 | ||
| 010 | _aENG-129639 | ||
| 020 |
_a978-93-8999-116-1 _c650.00 |
||
| 035 | _aEN-113171 | ||
| 037 | _bDBAD/PUB | ||
| 082 | _a342.0873 | ||
| 100 | _aNuzhat Parveen Khan | ||
| 245 |
_aTextbook on Women And Child Related Laws/ _cBy Nuzhat Parveen Khan |
||
| 260 |
_bLexis Nexis _aGurgaon |
||
| 270 |
_a14th floor, Building No 10, Tower- B, DLF Cyber City, Phase- II, Gurgaon _bHaryana _e122002 _mhelp.in@lexisnexis.com |
||
| 300 |
_a524p; _c24cm(pbk) |
||
| 942 |
_2ddc _cEN _h342.0873 _mKHA |
||